| 000 | 00440nam a2200157 a 4500 | ||
|---|---|---|---|
| 001 | 000034037 | ||
| 005 | 20200930070724.0 | ||
| 008 | 110921s1981 dr ac 000 0 spa d | ||
| 040 |
_aDO-SdBNP _bspa _cBNPHU |
||
| 082 |
_axxxx _bG216f |
||
| 100 | 1 |
_aGarcía, Wifredo _953864 |
|
| 245 | 1 | 0 |
_aFotografía : _bun arte para nuestro siglo. |
| 260 |
_aSanto Domingo : _bMaperisa, _c1981. |
||
| 300 |
_a356 p. : _bil. retr. ; _c20 cm. |
||
| 049 | _aBNPD | ||
| 999 |
_c33528 _d33528 |
||